01105nam a2200193Ia 4500001001000000003001000010008004100020040002500061041001300086100002500099245001700124250001100141260009000152300002700242500025200269501011400521520025200635650002400887L230-5679IT-CnALBA170116s9999||||xx |||||||||||||| ||und|| aIT-CnALBAcIT-CnALBA aITALIANO aFORTE BRUNO, TEOLOGO 0aSULL'AMORE.  a1a ed. aNAPOLIbD'AURIA M. EDITORE PONTIFICIO c1988 [1° Ed.:1988 - Ed.Ling.Originale: 1988] a70 p. (prefazione: 78) aTRINITÀ EVENTO ETERNO D'AMORE. ESILIO DELLA TRINITÀ. PELLEGRINAGGIO ALLA PATRIA TRINITARIA. CROCE STORIA TRINITARIA. STORIA ETERNA DELL'AMORE: TRINITÀ. STORIA DELLA TRINITÀ. DIALOGO DELL'AMORE. CONFESSIONE DELLA FEDE. RACCONTO DELL'AMORE.  aSocietà San Paolo EM - Piazza San Paolo, 14 - 12051 ALBA (CN) (non commercial uses only) ® Copyright 2017 aTRINITÀ EVENTO ETERNO D'AMORE. ESILIO DELLA TRINITÀ. PELLEGRINAGGIO ALLA PATRIA TRINITARIA. CROCE STORIA TRINITARIA. STORIA ETERNA DELL'AMORE: TRINITÀ. STORIA DELLA TRINITÀ. DIALOGO DELL'AMORE. CONFESSIONE DELLA FEDE. RACCONTO DELL'AMORE.  aDOGMATICA CRISTIANA